Sinh động vật
Enregistré dans:
| Format: | Livre |
|---|---|
| Langue: | Undetermined |
| Publié: |
Cần Thơ
Viện Đại học Cần Thơ
|
| Sujets: | |
| Tags: |
Ajouter un tag
Pas de tags, Soyez le premier à ajouter un tag!
|
| Thư viện lưu trữ: | Trung tâm Học liệu Trường Đại học Cần Thơ |
|---|
| LEADER | 00369nam a2200133Ia 4500 | ||
|---|---|---|---|
| 001 | CTU_8943 | ||
| 008 | 210402s9999 xx 000 0 und d | ||
| 082 | |a 591 | ||
| 082 | |b S312 | ||
| 245 | 0 | |a Sinh động vật | |
| 260 | |a Cần Thơ | ||
| 260 | |b Viện Đại học Cần Thơ | ||
| 650 | |a zoology | ||
| 980 | |a Trung tâm Học liệu Trường Đại học Cần Thơ | ||